000 00662nam a2200193Ia 4500
003 GCL
008 140319s9999 xx 000 0 ara d
040 _aGCL /
_cGCL
082 0 4 _a301.61
_bم م
100 1 _aمحمد بن سعود البشر
245 1 0 _aالمسئولية الاجتماعية فى الاعلام: النظرية وواقع التطبيق /
_cمحمد بن سعود البشر
300 _a55 ص
490 _aالهيئة العامة للاستعلامات
_v0
650 0 4 _aالاتصال
650 0 4 _aالاعلام
650 0 4 _aوسائل الاعلام
650 0 4 _aالمسئولية الاجتماعية
942 _2ddc
_cBK
999 _c47762
_d47762